The power of framing : (Record no. 4518)

MARC details
000 -LEADER
fixed length control field 00776cam a2200217 a 4500
005 - DATE AND TIME OF LATEST TRANSACTION
control field 20260112063319.0
010 ## - LIBRARY OF CONGRESS CONTROL NUMBER
LC control number 2010-032118
020 ## - INTERNATIONAL STANDARD BOOK NUMBER
International Standard Book Number 9780470494523
039 ## - LEVEL OF BIBLIOGRAPHIC CONTROL AND CODING DETAIL [OBSOLETE]
Level of rules in bibliographic description 202110131532
Level of effort used to assign nonsubject heading access points staff
Level of effort used to assign subject headings 201407031209
Level of effort used to assign classification staff
Level of effort used to assign subject headings 201406301614
Level of effort used to assign classification staff
-- 201406301611
-- staff
082 ## - DEWEY DECIMAL CLASSIFICATION NUMBER
Classification number 658.4092014
Item number FAI [ Shelf 61 ]
100 ## - MAIN ENTRY--PERSONAL NAME
Personal name Fairhurst, Gail Theus,
Dates associated with a name 1951-
245 ## - TITLE STATEMENT
Title The power of framing :
Remainder of title creating the language of leadership /
Statement of responsibility, etc. Gail T. Fairhurst.
260 ## - PUBLICATION, DISTRIBUTION, ETC.
Place of publication, distribution, etc. San Francisco :
Name of publisher, distributor, etc. Jossey-Bass,
Date of publication, distribution, etc. 2011.
300 ## - PHYSICAL DESCRIPTION
Extent xxi, 266 p. ;
Dimensions 25 cm.
650 ## - SUBJECT ADDED ENTRY--TOPICAL TERM
Topical term or geographic name entry element Leadership.
650 ## - SUBJECT ADDED ENTRY--TOPICAL TERM
Topical term or geographic name entry element Communication in management.
650 ## - SUBJECT ADDED ENTRY--TOPICAL TERM
Topical term or geographic name entry element Interpersonal communication.
991 ## -
-- VIRTUA
991 ## -
-- VTLSSORT0080*0100*0200*0820*1000*2450*2600*3000*6500*6501*6502*9992
909 ## -
-- 5050
Holdings
Withdrawn status Lost status Damaged status Not for loan Home library Current library Date acquired Total checkouts Full call number Barcode Copy number Koha item type
        Indian Institute Of Management, Shillong Indian Institute Of Management, Shillong 30/06/2014   658.4092014 FAI [ Shelf 61 ] 0011290   Reference
        Indian Institute Of Management, Shillong Indian Institute Of Management, Shillong 30/06/2014   658.4092014 FAI [ Shelf 61 ] 0011291 1 Book
Copyright © 2026 Indian Institute of Management Shillong. All Rights Reserved.